[Event "Benidorm Satellite preliminary"]
[Site "playchess.com #007036"]
[Date "2009.10.24"]
[Round "2"]
[White "Matty_xxx"]
[Black "Casellina"]
[Result "1-0"]
[WhiteElo "2214"]
[BlackElo "1567"]
[PlyCount "29"]
[EventDate "2009.10.24"]
[EventType "swiss (blitz)"]

1. e4 {[%emt 0:00:02]} e5 {[%emt 0:00:01]} 2. Nf3 {[%emt 0:00:02]} Nc6 {[%emt
0:00:01]} 3. Bb5 {[%emt 0:00:00]} a6 {[%emt 0:00:02]} 4. Bxc6 {[%emt 0:00:01]}
dxc6 {[%emt 0:00:02]} 5. O-O {[%emt 0:00:00]} Bg4 {[%emt 0:00:02]} 6. h3 {
[%emt 0:00:02]} h5 {[%emt 0:00:01]} 7. d3 {[%emt 0:00:01]} Qf6 {[%emt 0:00:13]}
8. Nbd2 {[%emt 0:00:01]} Bd6 {[%emt 0:00:13]} 9. Re1 {[%emt 0:00:04]} Bd7 {
[%emt 0:00:12]} 10. d4 {[%emt 0:00:03]} O-O-O {[%emt 0:00:08]} 11. Nc4 {[%emt
0:00:07]} Re8 {[%emt 0:00:07]} 12. dxe5 {[%emt 0:00:04]} Bxe5 {[%emt 0:00:05]}
13. Bg5 {[%emt 0:00:15]} Qg6 {[%emt 0:00:08]} 14. Ncxe5 {[%emt 0:00:02]} Rxe5 {
[%emt 0:00:05]} 15. Nxe5 {[%emt 0:00:07] Casellina resigns} 1-0

[Event "Benidorm Satellite preliminary"]
[Site "playchess.com #007036"]
[Date "2009.10.24"]
[Round "2"]
[White "Mandarin"]
[Black "Rubirov"]
[Result "0-1"]
[WhiteElo "1772"]
[BlackElo "1482"]
[PlyCount "47"]
[EventDate "2009.10.24"]
[EventType "swiss (blitz)"]

1. e4 {[%emt 0:00:02]} e6 {[%emt 0:00:01]} 2. d4 {[%emt 0:00:02]} d5 {[%emt 0:
00:01]} 3. Nc3 {[%emt 0:00:01]} dxe4 {[%emt 0:00:01]} 4. Nxe4 {[%emt 0:00:01]}
Nd7 {[%emt 0:00:01]} 5. Nf3 {[%emt 0:00:01]} Ngf6 {[%emt 0:00:01]} 6. Bd3 {
[%emt 0:00:01]} Be7 {[%emt 0:00:01]} 7. Bg5 {[%emt 0:00:03]} Nxe4 {[%emt 0:00:
07]} 8. Bxe7 {[%emt 0:00:01]} Qxe7 {[%emt 0:00:01]} 9. Bxe4 {[%emt 0:00:01]}
Nf6 {[%emt 0:00:01]} 10. Bd3 {[%emt 0:00:01]} b6 {[%emt 0:00:04]} 11. Bb5+ {
[%emt 0:00:03]} Bd7 {[%emt 0:00:01]} 12. Bxd7+ {[%emt 0:00:01]} Qxd7 {[%emt 0:
00:01]} 13. Ne5 {[%emt 0:00:01]} Qd5 {[%emt 0:00:24]} 14. O-O {[%emt 0:00:02]}
O-O {[%emt 0:00:01]} 15. c3 {[%emt 0:00:01]} c5 {[%emt 0:00:08]} 16. Nf3 {
[%emt 0:00:05]} cxd4 {[%emt 0:00:03]} 17. Qxd4 {[%emt 0:00:03]} Qxd4 {[%emt 0:
00:03]} 18. Nxd4 {[%emt 0:00:01]} Rad8 {[%emt 0:00:08]} 19. Rad1 {[%emt 0:00:
02]} Rd6 {[%emt 0:00:42]} 20. Nb5 {[%emt 0:00:02]} Rxd1 {[%emt 0:00:12]} 21.
Rxd1 {[%emt 0:00:02]} a6 {[%emt 0:00:05]} 22. Nc7 {[%emt 0:00:02]} a5 {[%emt 0:
00:05]} 23. Nb5 {[%emt 0:00:01]} g6 {[%emt 0:00:34]} 24. Rd7 {[%emt 0:00:05]
Mandarin gibt auf} 0-1

[Event "Benidorm Satellite preliminary"]
[Site "playchess.com #007036"]
[Date "2009.10.24"]
[Round "2"]
[White "High_me"]
[Black "Jahhaj"]
[Result "1-0"]
[WhiteElo "2529"]
[BlackElo "1945"]
[PlyCount "57"]
[EventDate "2009.10.24"]
[EventType "swiss (blitz)"]

1. e4 {[%emt 0:00:01]} e6 {[%emt 0:00:01]} 2. d4 {[%emt 0:00:00]} d5 {[%emt 0:
00:01]} 3. Nc3 {[%emt 0:00:00]} Nf6 {[%emt 0:00:01]} 4. Bg5 {[%emt 0:00:01]}
Bb4 {[%emt 0:00:01]} 5. e5 {[%emt 0:00:01]} h6 {[%emt 0:00:01]} 6. Be3 {[%emt
0:00:00]} Ne4 {[%emt 0:00:03]} 7. Qg4 {[%emt 0:00:00]} Kf8 {[%emt 0:00:05]} 8.
a3 {[%emt 0:00:02]} Bxc3+ {[%emt 0:00:04]} 9. bxc3 {[%emt 0:00:01]} Nxc3 {
[%emt 0:00:01]} 10. Bd3 {[%emt 0:00:02]} c5 {[%emt 0:00:07]} 11. dxc5 {[%emt 0:
00:01]} Nc6 {[%emt 0:00:02]} 12. Nf3 {[%emt 0:00:02]} d4 {[%emt 0:00:19]} 13.
Bxd4 {[%emt 0:00:12]} Nxd4 {[%emt 0:00:05]} 14. Qxd4 {[%emt 0:00:02]} Qxd4 {
[%emt 0:00:10]} 15. Nxd4 {[%emt 0:00:00]} Bd7 {[%emt 0:00:16]} 16. Kd2 {[%emt
0:00:57]} Na4 {[%emt 0:00:02]} 17. c6 {[%emt 0:00:01]} Bxc6 {[%emt 0:00:14]}
18. Nxc6 {[%emt 0:00:02]} bxc6 {[%emt 0:00:01]} 19. Rab1 {[%emt 0:00:10]} Nc5 {
[%emt 0:00:01]} 20. Kc3 {[%emt 0:00:04]} Ke7 {[%emt 0:00:03]} 21. Kc4 {[%emt 0:
00:02]} Nxd3 {[%emt 0:00:02]} 22. Rb7+ {[%emt 0:00:02]} Kd8 {[%emt 0:00:10]}
23. cxd3 {[%emt 0:00:06]} Rf8 {[%emt 0:00:08]} 24. Rhb1 {[%emt 0:00:02]} f6 {
[%emt 0:00:06]} 25. Rb8+ {[%emt 0:00:14]} Rxb8 {[%emt 0:00:01]} 26. Rxb8+ {
[%emt 0:00:00]} Ke7 {[%emt 0:00:01]} 27. Rxf8 {[%emt 0:00:00]} Kxf8 {[%emt 0:
00:01]} 28. exf6 {[%emt 0:00:00]} gxf6 {[%emt 0:00:02]} 29. Kc5 {[%emt 0:00:00]
Jahhaj resigns} 1-0

[Event "Benidorm Satellite preliminary"]
[Site "playchess.com #007036"]
[Date "2009.10.24"]
[Round "2"]
[White "Dimitri_Ovanov"]
[Black "jchess06"]
[Result "0-1"]
[WhiteElo "1614"]
[BlackElo "1816"]
[PlyCount "64"]
[EventDate "2009.10.24"]
[EventType "swiss (blitz)"]

1. c4 {[%emt 0:00:04]} e6 {[%emt 0:00:03]} 2. Nc3 {[%emt 0:00:02]} d5 {[%emt 0:
00:00]} 3. cxd5 {[%emt 0:00:01]} exd5 {[%emt 0:00:01]} 4. f4 {[%emt 0:00:02]}
d4 {[%emt 0:00:02]} 5. Ne4 {[%emt 0:00:02]} Bf5 {[%emt 0:00:02]} 6. Ng3 {[%emt
0:00:02]} Bg4 {[%emt 0:00:04]} 7. Nf3 {[%emt 0:00:02]} c5 {[%emt 0:00:03]} 8.
d3 {[%emt 0:00:05]} g6 {[%emt 0:00:02]} 9. Bd2 {[%emt 0:00:03]} Nc6 {[%emt 0:
00:01]} 10. a3 {[%emt 0:00:05]} Bh6 {[%emt 0:00:01]} 11. Rc1 {[%emt 0:00:02]}
b6 {[%emt 0:00:01]} 12. Ne4 {[%emt 0:00:03]} Rc8 {[%emt 0:00:06]} 13. g3 {
[%emt 0:00:03]} Nf6 {[%emt 0:00:03]} 14. Nxf6+ {[%emt 0:00:02]} Qxf6 {[%emt 0:
00:02]} 15. Bg2 {[%emt 0:00:00]} O-O {[%emt 0:00:02]} 16. O-O {[%emt 0:00:01]}
Rfe8 {[%emt 0:00:01]} 17. b4 {[%emt 0:00:17]} Qe6 {[%emt 0:00:04]} 18. Re1 {
[%emt 0:00:09]} Ne7 {[%emt 0:00:08]} 19. Ne5 {[%emt 0:00:08]} Bh3 {[%emt 0:00:
05]} 20. e3 {[%emt 0:00:06]} f6 {[%emt 0:00:04]} 21. Nf3 {[%emt 0:00:07]} dxe3
{[%emt 0:00:05]} 22. Rxe3 {[%emt 0:00:02]} Qd7 {[%emt 0:00:02]} 23. bxc5 {
[%emt 0:00:03]} Bxg2 {[%emt 0:00:02]} 24. Kxg2 {[%emt 0:00:02]} bxc5 {[%emt 0:
00:04]} 25. Qb3+ {[%emt 0:00:05]} Kh8 {[%emt 0:00:03]} 26. Bc3 {[%emt 0:00:09]}
Nd5 {[%emt 0:00:03]} 27. Rxe8+ {[%emt 0:00:04]} Rxe8 {[%emt 0:00:02]} 28. Qb2 {
[%emt 0:00:06]} Ne3+ {[%emt 0:00:06]} 29. Kf2 {[%emt 0:00:03]} Qh3 {[%emt 0:00:
08]} 30. Bxf6+ {[%emt 0:00:04]} Kg8 {[%emt 0:00:03]} 31. Qb3+ {[%emt 0:00:14]}
Re6 {[%emt 0:00:02]} 32. Rg1 {[%emt 0:00:25]} Ng4# {[%emt 0:00:07]} 0-1

[Event "Benidorm Satellite preliminary"]
[Site "playchess.com #007036"]
[Date "2009.10.24"]
[Round "2"]
[White "Jan der U"]
[Black "Munchie the 5th"]
[Result "1-0"]
[WhiteElo "2040"]
[BlackElo "1568"]
[PlyCount "59"]
[EventDate "2009.10.24"]
[EventType "swiss (blitz)"]

1. e4 {[%emt 0:00:01]} e5 {[%emt 0:00:01]} 2. Nc3 {[%emt 0:00:01]} Nf6 {[%emt
0:00:02]} 3. f4 {[%emt 0:00:02]} exf4 {[%emt 0:00:02]} 4. Nf3 {[%emt 0:00:04]}
d6 {[%emt 0:00:01]} 5. d4 {[%emt 0:00:01]} Bg4 {[%emt 0:00:02]} 6. Bxf4 {[%emt
0:00:02]} Be7 {[%emt 0:00:03]} 7. Bc4 {[%emt 0:00:04]} O-O {[%emt 0:00:01]} 8.
O-O {[%emt 0:00:02]} Nbd7 {[%emt 0:00:01]} 9. h3 {[%emt 0:00:30]} Bh5 {[%emt 0:
00:08]} 10. Qe1 {[%emt 0:00:01]} Re8 {[%emt 0:00:04]} 11. Qg3 {[%emt 0:00:03]}
Bg6 {[%emt 0:00:04]} 12. e5 {[%emt 0:00:09]} Nh5 {[%emt 0:00:03]} 13. Qh2 {
[%emt 0:00:02]} Nxf4 {[%emt 0:00:01]} 14. Qxf4 {[%emt 0:00:02]} dxe5 {[%emt 0:
00:03]} 15. Nxe5 {[%emt 0:00:01]} Nxe5 {[%emt 0:00:02]} 16. dxe5 {[%emt 0:00:
00]} Bg5 {[%emt 0:00:03]} 17. Bxf7+ {[%emt 0:00:05]} Bxf7 {[%emt 0:00:06]} 18.
Qxf7+ {[%emt 0:00:02]} Kh8 {[%emt 0:00:01]} 19. e6 {[%emt 0:00:02]} Rf8 {[%emt
0:00:08]} 20. Rad1 {[%emt 0:00:16]} Qe8 {[%emt 0:00:24]} 21. Qxf8+ {[%emt 0:00:
25]} Qxf8 {[%emt 0:00:00]} 22. Rxf8+ {[%emt 0:00:00]} Rxf8 {[%emt 0:00:01]} 23.
Nd5 {[%emt 0:00:01]} c6 {[%emt 0:00:07]} 24. Nc7 {[%emt 0:00:02]} Be7 {[%emt 0:
00:04]} 25. Rd7 {[%emt 0:00:06]} Bc5+ {[%emt 0:00:01]} 26. Kh2 {[%emt 0:00:04]}
Bb6 {[%emt 0:00:24]} 27. e7 {[%emt 0:00:03]} Bxc7+ {[%emt 0:00:01]} 28. Rxc7 {
[%emt 0:00:08]} Re8 {[%emt 0:00:01]} 29. Rxb7 {[%emt 0:00:02]} h6 {[%emt 0:00:
01]} 30. Rxa7 {[%emt 0:00:01] Munchie the 5th resigns} 1-0

[Event "Benidorm Satellite preliminary"]
[Site "playchess.com #007036"]
[Date "2009.10.24"]
[Round "2"]
[White "Master--Sim"]
[Black "Retep1"]
[Result "1-0"]
[WhiteElo "1979"]
[BlackElo "1671"]
[PlyCount "51"]
[EventDate "2009.10.24"]
[EventType "swiss (blitz)"]

1. d4 {[%emt 0:00:03]} c6 {[%emt 0:00:02]} 2. Nf3 {[%emt 0:00:02]} d5 {[%emt 0:
00:06]} 3. Bf4 {[%emt 0:00:02]} Nf6 {[%emt 0:00:05]} 4. e3 {[%emt 0:00:01]} Bf5
{[%emt 0:00:05]} 5. Bd3 {[%emt 0:00:02]} Bxd3 {[%emt 0:00:06]} 6. Qxd3 {[%emt
0:00:00]} e6 {[%emt 0:00:06]} 7. Nbd2 {[%emt 0:00:02]} Nbd7 {[%emt 0:00:04]} 8.
O-O-O {[%emt 0:00:02]} Be7 {[%emt 0:00:11]} 9. h4 {[%emt 0:00:03]} Qb6 {[%emt
0:00:06]} 10. Ne5 {[%emt 0:00:05]} Nxe5 {[%emt 0:00:12]} 11. dxe5 {[%emt 0:00:
00]} Nd7 {[%emt 0:00:06]} 12. e4 {[%emt 0:00:08]} Qxf2 {[%emt 0:00:05]} 13. Be3
{[%emt 0:00:08]} Qg3 {[%emt 0:00:07]} 14. Rdf1 {[%emt 0:00:15]} Nxe5 {[%emt 0:
00:06]} 15. Qb3 {[%emt 0:00:06]} O-O {[%emt 0:00:09]} 16. Nf3 {[%emt 0:00:20]}
Nxf3 {[%emt 0:00:27]} 17. gxf3 {[%emt 0:00:04]} b6 {[%emt 0:00:05]} 18. h5 {
[%emt 0:00:06]} Qd6 {[%emt 0:00:04]} 19. Rfg1 {[%emt 0:00:06]} f6 {[%emt 0:00:
02]} 20. Bh6 {[%emt 0:00:07]} Rf7 {[%emt 0:00:01]} 21. Rg2 {[%emt 0:00:03]} Bf8
{[%emt 0:00:06]} 22. Rhg1 {[%emt 0:00:02]} Kh8 {[%emt 0:00:02]} 23. Be3 {[%emt
0:00:06]} e5 {[%emt 0:00:03]} 24. Bd2 {[%emt 0:00:12]} d4 {[%emt 0:00:03]} 25.
Qxf7 {[%emt 0:00:04]} Qe7 {[%emt 0:00:03]} 26. Qxe7 {[%emt 0:00:05] Retep1
gibt auf} 1-0

[Event "Benidorm Satellite preliminary"]
[Site "playchess.com #007036"]
[Date "2009.10.24"]
[Round "2"]
[White "Alexiz"]
[Black "Gammanium"]
[Result "1-0"]
[WhiteElo "1656"]
[BlackElo "1901"]
[PlyCount "71"]
[EventDate "2009.10.24"]
[EventType "swiss (blitz)"]

1. d4 {[%emt 0:00:03]} Nf6 {[%emt 0:00:02]} 2. c4 {[%emt 0:00:02]} e6 {[%emt 0:
00:02]} 3. Nc3 {[%emt 0:00:02]} c5 {[%emt 0:00:02]} 4. d5 {[%emt 0:00:03]} exd5
{[%emt 0:00:00]} 5. cxd5 {[%emt 0:00:01]} d6 {[%emt 0:00:00]} 6. e4 {[%emt 0:
00:02]} g6 {[%emt 0:00:01]} 7. f4 {[%emt 0:00:01]} Bg7 {[%emt 0:00:01]} 8. Nf3
{[%emt 0:00:02]} O-O {[%emt 0:00:01]} 9. Be2 {[%emt 0:00:01]} Re8 {[%emt 0:00:
01]} 10. Nd2 {[%emt 0:00:03]} a6 {[%emt 0:00:02]} 11. a4 {[%emt 0:00:05]} b6 {
[%emt 0:00:22]} 12. O-O {[%emt 0:00:02]} Nbd7 {[%emt 0:00:02]} 13. Bf3 {[%emt
0:00:02]} Rb8 {[%emt 0:00:02]} 14. Nc4 {[%emt 0:00:02]} Qc7 {[%emt 0:00:03]}
15. Qb3 {[%emt 0:00:02]} h5 {[%emt 0:00:11]} 16. h3 {[%emt 0:00:03]} b5 {[%emt
0:00:12]} 17. axb5 {[%emt 0:00:03]} axb5 {[%emt 0:00:00]} 18. Nxb5 {[%emt 0:00:
02]} Qb6 {[%emt 0:00:13]} 19. Nxb6 {[%emt 0:00:04]} Rxb6 {[%emt 0:00:05]} 20.
Qa4 {[%emt 0:00:11]} Nxe4 {[%emt 0:00:02]} 21. Bxe4 {[%emt 0:00:03]} Ba6 {
[%emt 0:00:05]} 22. Nc7 {[%emt 0:00:04]} Bd4+ {[%emt 0:00:12]} 23. Kh2 {[%emt
0:00:09]} Rxe4 {[%emt 0:00:02]} 24. Nxa6 {[%emt 0:00:04]} Nf6 {[%emt 0:00:02]}
25. Qa5 {[%emt 0:00:18]} Rb3 {[%emt 0:00:04]} 26. Nc7 {[%emt 0:00:07]} h4 {
[%emt 0:00:03]} 27. Nb5 {[%emt 0:00:08]} Bxb2 {[%emt 0:00:02]} 28. Bxb2 {[%emt
0:00:03]} Rxb2 {[%emt 0:00:01]} 29. Nxd6 {[%emt 0:00:01]} Ree2 {[%emt 0:00:01]}
30. Rg1 {[%emt 0:00:03]} Nxd5 {[%emt 0:00:01]} 31. Qa8+ {[%emt 0:00:08]} Kg7 {
[%emt 0:00:04]} 32. Qxd5 {[%emt 0:00:02]} Red2 {[%emt 0:00:13]} 33. Qxf7+ {
[%emt 0:00:02]} Kh6 {[%emt 0:00:01]} 34. Ne8 {[%emt 0:00:02]} g5 {[%emt 0:00:
09]} 35. Qf6+ {[%emt 0:00:04]} Kh7 {[%emt 0:00:02]} 36. Qg7# {[%emt 0:00:03]}
1-0

[Event "Benidorm Satellite preliminary"]
[Site "playchess.com #007036"]
[Date "2009.10.24"]
[Round "2"]
[White "LordSeban"]
[Black "Altamiro"]
[Result "1-0"]
[WhiteElo "2708"]
[BlackElo "2142"]
[PlyCount "39"]
[EventDate "2009.10.24"]
[EventType "swiss (blitz)"]

1. d4 {[%emt 0:00:01]} Nf6 {[%emt 0:00:09]} 2. c4 {[%emt 0:00:01]} e6 {[%emt 0:
00:01]} 3. g3 {[%emt 0:00:01]} d5 {[%emt 0:00:09]} 4. Bg2 {[%emt 0:00:02]} Be7
{[%emt 0:00:06]} 5. Nf3 {[%emt 0:00:02]} O-O {[%emt 0:00:02]} 6. O-O {[%emt 0:
00:02]} c6 {[%emt 0:00:02]} 7. Qc2 {[%emt 0:00:03]} Nbd7 {[%emt 0:00:07]} 8.
Rd1 {[%emt 0:00:01]} Ne4 {[%emt 0:00:20]} 9. Nc3 {[%emt 0:00:08]} Nxc3 {[%emt
0:00:07]} 10. Qxc3 {[%emt 0:00:01]} Nf6 {[%emt 0:00:01]} 11. Ne5 {[%emt 0:00:
04]} dxc4 {[%emt 0:00:47]} 12. Qxc4 {[%emt 0:00:06]} Nd5 {[%emt 0:00:05]} 13.
b3 {[%emt 0:00:09]} Qb6 {[%emt 0:00:20]} 14. Bb2 {[%emt 0:00:03]} Qb4 {[%emt 0:
00:11]} 15. Qc2 {[%emt 0:00:06]} Rd8 {[%emt 0:00:35]} 16. Nc4 {[%emt 0:00:03]}
Bf6 {[%emt 0:00:15]} 17. e4 {[%emt 0:00:06]} Nb6 {[%emt 0:00:03]} 18. e5 {
[%emt 0:00:02]} Nxc4 {[%emt 0:00:01]} 19. Bc3 {[%emt 0:00:20] .} Qe7 {[%emt 0:
00:03]} 20. exf6 {[%emt 0:00:01] Altamiro rinde} 1-0

[Event "Benidorm Satellite preliminary"]
[Site "playchess.com #007036"]
[Date "2009.10.24"]
[Round "2"]
[White "Phlegias"]
[Black "Immer Letzter"]
[Result "0-1"]
[WhiteElo "1952"]
[BlackElo "2539"]
[PlyCount "48"]
[EventDate "2009.10.24"]
[EventType "swiss (blitz)"]

1. e4 {[%emt 0:00:01]} e5 {[%emt 0:00:02]} 2. Nc3 {[%emt 0:00:01]} Nf6 {[%emt
0:00:02]} 3. Bc4 {[%emt 0:00:01]} Bb4 {[%emt 0:00:07]} 4. Nd5 {[%emt 0:00:02]}
Nxd5 {[%emt 0:00:02]} 5. Bxd5 {[%emt 0:00:02]} O-O {[%emt 0:00:06]} 6. c3 {
[%emt 0:00:03]} Ba5 {[%emt 0:00:02]} 7. Nf3 {[%emt 0:00:02]} c6 {[%emt 0:00:02]
} 8. Bb3 {[%emt 0:00:01]} d5 {[%emt 0:00:01]} 9. Nxe5 {[%emt 0:00:07]} Qe7 {
[%emt 0:00:15]} 10. d4 {[%emt 0:00:03]} f6 {[%emt 0:00:03]} 11. exd5 {[%emt 0:
00:05]} cxd5 {[%emt 0:00:25]} 12. Bxd5+ {[%emt 0:00:05]} Kh8 {[%emt 0:00:02]}
13. O-O {[%emt 0:00:05]} fxe5 {[%emt 0:00:02]} 14. Re1 {[%emt 0:00:01]} Qf6 {
[%emt 0:00:09]} 15. dxe5 {[%emt 0:00:11]} Qxf2+ {[%emt 0:00:07]} 16. Kh1 {
[%emt 0:00:01]} Bg4 {[%emt 0:00:08]} 17. Be3 {[%emt 0:00:19]} Qf5 {[%emt 0:01:
03]} 18. Qb3 {[%emt 0:00:23]} Nd7 {[%emt 0:00:11]} 19. h3 {[%emt 0:00:07]} Bxh3
{[%emt 0:00:05]} 20. gxh3 {[%emt 0:00:01]} Qxh3+ {[%emt 0:00:02]} 21. Kg1 {
[%emt 0:00:01]} Nxe5 {[%emt 0:00:03]} 22. Bg2 {[%emt 0:00:06]} Nf3+ {[%emt 0:
00:03]} 23. Bxf3 {[%emt 0:00:08]} Rxf3 {[%emt 0:00:02]} 24. Qxb7 {[%emt 0:00:
20]} Qg4+ {[%emt 0:00:03] Phlegias gibt auf} 0-1

[Event "Benidorm Satellite preliminary"]
[Site "playchess.com #007036"]
[Date "2009.10.24"]
[Round "2"]
[White "Necromant"]
[Black "Florin G"]
[Result "1-0"]
[WhiteElo "2464"]
[BlackElo "1869"]
[PlyCount "61"]
[EventDate "2009.10.24"]
[EventType "swiss (blitz)"]

1. e4 {[%emt 0:00:03]} e5 {[%emt 0:00:02]} 2. Nf3 {[%emt 0:00:01]} Nc6 {[%emt
0:00:01]} 3. Bb5 {[%emt 0:00:00]} a6 {[%emt 0:00:01]} 4. Ba4 {[%emt 0:00:01]}
Nf6 {[%emt 0:00:01]} 5. O-O {[%emt 0:00:01]} Be7 {[%emt 0:00:01]} 6. Re1 {
[%emt 0:00:02]} b5 {[%emt 0:00:01]} 7. Bb3 {[%emt 0:00:01]} O-O {[%emt 0:00:00]
} 8. c3 {[%emt 0:00:01]} d5 {[%emt 0:00:01]} 9. exd5 {[%emt 0:00:00]} Nxd5 {
[%emt 0:00:01]} 10. Nxe5 {[%emt 0:00:00]} Nxe5 {[%emt 0:00:00]} 11. Rxe5 {
[%emt 0:00:01]} c6 {[%emt 0:00:00]} 12. Re1 {[%emt 0:00:01]} Bd6 {[%emt 0:00:
01]} 13. d3 {[%emt 0:00:02]} Qh4 {[%emt 0:00:01]} 14. g3 {[%emt 0:00:01]} Qh3 {
[%emt 0:00:01]} 15. Re4 {[%emt 0:00:00]} Be6 {[%emt 0:01:09]} 16. Nd2 {[%emt 0:
00:05]} Rfb8 {[%emt 0:00:06]} 17. d4 {[%emt 0:00:17]} Re8 {[%emt 0:00:05]} 18.
Rh4 {[%emt 0:00:05]} Qf5 {[%emt 0:00:08]} 19. Bc2 {[%emt 0:00:01]} Qg5 {[%emt
0:00:11]} 20. Ne4 {[%emt 0:00:13]} Qd8 {[%emt 0:00:07]} 21. Rxh7 {[%emt 0:00:
18]} g6 {[%emt 0:00:20]} 22. Nxd6 {[%emt 0:00:26]} Qxd6 {[%emt 0:00:16]} 23.
Rh4 {[%emt 0:00:02]} Kg7 {[%emt 0:00:02]} 24. Bh6+ {[%emt 0:00:06]} Kg8 {[%emt
0:00:01]} 25. Qd2 {[%emt 0:00:02]} Nf6 {[%emt 0:00:08]} 26. Bf4 {[%emt 0:00:03]
} Qd7 {[%emt 0:00:14]} 27. Be5 {[%emt 0:00:02]} Nh5 {[%emt 0:00:07]} 28. Rxh5 {
[%emt 0:00:02]} gxh5 {[%emt 0:00:02]} 29. Qg5+ {[%emt 0:00:01]} Kf8 {[%emt 0:
00:05]} 30. Bg7+ {[%emt 0:00:01]} Kg8 {[%emt 0:00:01]} 31. Bf6+ {[%emt 0:00:01]
Florin G abbandona} 1-0

[Event "Benidorm Satellite preliminary"]
[Site "playchess.com #007036"]
[Date "2009.10.24"]
[Round "2"]
[White "Benitotj"]
[Black "Panosjoydome"]
[Result "0-1"]
[WhiteElo "1413"]
[BlackElo "1743"]
[PlyCount "62"]
[EventDate "2009.10.24"]
[EventType "swiss (blitz)"]

1. e4 {[%emt 0:00:02]} c5 {[%emt 0:00:03]} 2. Nf3 {[%emt 0:00:02]} Nc6 {[%emt
0:00:01]} 3. Bc4 {[%emt 0:00:03]} g6 {[%emt 0:00:04]} 4. O-O {[%emt 0:00:05]}
Bg7 {[%emt 0:00:01]} 5. c3 {[%emt 0:00:02]} a6 {[%emt 0:00:01]} 6. d4 {[%emt 0:
00:05]} b5 {[%emt 0:00:01]} 7. Be2 {[%emt 0:00:02]} d6 {[%emt 0:00:05]} 8. d5 {
[%emt 0:00:07]} Ne5 {[%emt 0:00:02]} 9. a4 {[%emt 0:00:09]} Bb7 {[%emt 0:00:04]
} 10. axb5 {[%emt 0:00:01]} Nxf3+ {[%emt 0:00:08]} 11. Bxf3 {[%emt 0:00:06]}
axb5 {[%emt 0:00:01]} 12. Rxa8 {[%emt 0:00:04]} Qxa8 {[%emt 0:00:03]} 13. Re1 {
[%emt 0:00:14]} Nf6 {[%emt 0:00:02]} 14. Bg5 {[%emt 0:00:06]} Nd7 {[%emt 0:00:
02]} 15. Na3 {[%emt 0:00:07]} b4 {[%emt 0:00:09]} 16. Nc4 {[%emt 0:00:19]} h6 {
[%emt 0:00:08]} 17. Bd2 {[%emt 0:00:11]} O-O {[%emt 0:00:06]} 18. cxb4 {[%emt
0:00:03]} cxb4 {[%emt 0:00:02]} 19. Bxb4 {[%emt 0:00:06]} Ne5 {[%emt 0:00:03]}
20. Nxe5 {[%emt 0:00:05]} Bxe5 {[%emt 0:00:00]} 21. Bc3 {[%emt 0:00:04]} Bxc3 {
[%emt 0:00:04]} 22. bxc3 {[%emt 0:00:02]} Rc8 {[%emt 0:00:01]} 23. Qd2 {[%emt
0:00:02]} Qa3 {[%emt 0:00:03]} 24. c4 {[%emt 0:00:15]} Rxc4 {[%emt 0:00:05]}
25. Qxh6 {[%emt 0:00:06]} Rc2 {[%emt 0:00:14]} 26. h4 {[%emt 0:00:04]} Qc5 {
[%emt 0:00:07]} 27. Rf1 {[%emt 0:00:05]} Ba6 {[%emt 0:00:04]} 28. h5 {[%emt 0:
00:28]} Bxf1 {[%emt 0:00:03]} 29. hxg6 {[%emt 0:00:06]} Qxf2+ {[%emt 0:00:03]}
30. Kh1 {[%emt 0:00:04]} Bxg2+ {[%emt 0:00:02]} 31. Bxg2 {[%emt 0:00:03]} Qxg2#
{[%emt 0:00:10]} 0-1

[Event "Benidorm Satellite preliminary"]
[Site "playchess.com #007036"]
[Date "2009.10.24"]
[Round "2"]
[White "Florin_banu"]
[Black "Ajalcaide"]
[Result "1-0"]
[WhiteElo "1720"]
[BlackElo "1351"]
[PlyCount "59"]
[EventDate "2009.10.24"]
[EventType "swiss (blitz)"]

1. e4 {[%emt 0:00:01]} c5 {[%emt 0:00:02]} 2. Nf3 {[%emt 0:00:00]} d6 {[%emt 0:
00:01]} 3. d4 {[%emt 0:00:00]} cxd4 {[%emt 0:00:01]} 4. Nxd4 {[%emt 0:00:00]}
Nf6 {[%emt 0:00:01]} 5. Nc3 {[%emt 0:00:01]} Nc6 {[%emt 0:00:03]} 6. Be2 {
[%emt 0:00:01]} Nxd4 {[%emt 0:00:01]} 7. Qxd4 {[%emt 0:00:01]} e5 {[%emt 0:00:
05]} 8. Qd3 {[%emt 0:00:09]} a6 {[%emt 0:00:03]} 9. Be3 {[%emt 0:00:02]} g6 {
[%emt 0:00:04]} 10. h3 {[%emt 0:00:01]} Bg7 {[%emt 0:00:01]} 11. O-O {[%emt 0:
00:02]} O-O {[%emt 0:00:01]} 12. a4 {[%emt 0:00:04]} Bd7 {[%emt 0:00:06]} 13.
Rfd1 {[%emt 0:00:04]} Bc6 {[%emt 0:00:17]} 14. f3 {[%emt 0:00:02]} Rc8 {[%emt
0:00:09]} 15. Qxd6 {[%emt 0:00:02]} Qxd6 {[%emt 0:00:01]} 16. Rxd6 {[%emt 0:00:
02]} Rcd8 {[%emt 0:00:02]} 17. Rad1 {[%emt 0:00:04]} Rxd6 {[%emt 0:00:43]} 18.
Rxd6 {[%emt 0:00:03]} Ne8 {[%emt 0:00:04]} 19. Rd8 {[%emt 0:00:06]} h5 {[%emt
0:00:24]} 20. Bc4 {[%emt 0:00:08]} Bf6 {[%emt 0:00:16]} 21. Rd1 {[%emt 0:00:03]
} Nc7 {[%emt 0:00:21]} 22. Bb6 {[%emt 0:00:07]} Ne8 {[%emt 0:00:08]} 23. Bc5 {
[%emt 0:00:03]} Bg7 {[%emt 0:00:26]} 24. Be7 {[%emt 0:00:08]} Nc7 {[%emt 0:00:
22]} 25. Bxf8 {[%emt 0:00:02]} Bxf8 {[%emt 0:00:02]} 26. Rd8 {[%emt 0:00:03]}
Ne8 {[%emt 0:00:04]} 27. Nd5 {[%emt 0:00:07] .} Bc5+ {[%emt 0:00:02]} 28. Kh1 {
[%emt 0:00:03]} Bxd5 {[%emt 0:00:01]} 29. Rxe8+ {[%emt 0:00:04]} Kg7 {[%emt 0:
00:01]} 30. Bxd5 {[%emt 0:00:01] Tiempo} 1-0

[Event "Benidorm Satellite preliminary"]
[Site "playchess.com #007036"]
[Date "2009.10.24"]
[Round "2"]
[White "JohnMLN"]
[Black "Lagano"]
[Result "0-1"]
[WhiteElo "1672"]
[BlackElo "1983"]
[PlyCount "46"]
[EventDate "2009.10.24"]
[EventType "swiss (blitz)"]

1. Nf3 {[%emt 0:00:17]} Nf6 {[%emt 0:00:03]} 2. d3 {[%emt 0:00:19]} d5 {[%emt
0:00:03]} 3. c4 {[%emt 0:00:02]} dxc4 {[%emt 0:00:03]} 4. Qa4+ {[%emt 0:00:02]}
Nc6 {[%emt 0:00:04]} 5. Qxc4 {[%emt 0:00:01]} e5 {[%emt 0:00:04]} 6. Nbd2 {
[%emt 0:00:03]} Be6 {[%emt 0:00:02]} 7. Qc2 {[%emt 0:00:02]} Bd6 {[%emt 0:00:
04]} 8. e3 {[%emt 0:00:10]} O-O {[%emt 0:00:05]} 9. Be2 {[%emt 0:00:03]} Re8 {
[%emt 0:00:10]} 10. a3 {[%emt 0:00:07]} a5 {[%emt 0:00:03]} 11. b3 {[%emt 0:00:
03]} Bf5 {[%emt 0:00:14]} 12. Bb2 {[%emt 0:00:10]} e4 {[%emt 0:00:01]} 13. Nd4
{[%emt 0:00:10]} Nxd4 {[%emt 0:00:08]} 14. Bxd4 {[%emt 0:00:03]} exd3 {[%emt 0:
00:05]} 15. Bxd3 {[%emt 0:00:00]} Bxd3 {[%emt 0:00:02]} 16. Qxd3 {[%emt 0:00:
00]} Ng4 {[%emt 0:00:07]} 17. h3 {[%emt 0:00:05]} Qh4 {[%emt 0:00:23]} 18. Qe2
{[%emt 0:00:37]} Ne5 {[%emt 0:00:06]} 19. Nf3 {[%emt 0:00:09]} Nxf3+ {[%emt 0:
00:07]} 20. Qxf3 {[%emt 0:00:00]} b6 {[%emt 0:00:06]} 21. O-O {[%emt 0:00:03]}
c5 {[%emt 0:00:05]} 22. Bc3 {[%emt 0:00:04]} Qe4 {[%emt 0:00:03]} 23. Qg3 {
[%emt 0:00:04]} Bxg3 {[%emt 0:00:04] JohnMLN resigns} 0-1